000 01101nam a2200229Ia 4500
001 L253-27939
003 IT-CnALBA
008 170116s9999||||xx |||||||||||||| ||und||
040 _aIT-CnALBA
_cIT-CnALBA
041 _aITALIANO
100 _aFORNASARI D. EUGENIO, SSP.
245 0 _aDON MARIO BOZZIA, UN "POVERO PRETE".
250 _a1a ed.
260 _aCINISELLO BALSAMO (MI)
_bEDIZIONI PAOLINE
_c1987 [1° Ed.:1987 - Ed.Ling.Originale: 1987]
300 _a114 p.
500 _aCARTA D'IDENTITÀ DI DON MARIO BOZZIA. I GENITORI. BEDONIA. NUOVO PARROCO A TREVOZZO. CANONICA. PROGRAMMA PASTORALE. OPERE DI CARITÀ. CONTATTO COL DOLORE. LA MALATTIA. SANTA MORTE. ONORANZE FUNEBRI.
501 _aSocietà San Paolo EM - Piazza San Paolo, 14 - 12051 ALBA (CN) (non commercial uses only) ® Copyright 2017
520 _aCARTA D'IDENTITÀ DI DON MARIO BOZZIA. I GENITORI. BEDONIA. NUOVO PARROCO A TREVOZZO. CANONICA. PROGRAMMA PASTORALE. OPERE DI CARITÀ. CONTATTO COL DOLORE. LA MALATTIA. SANTA MORTE. ONORANZE FUNEBRI.
650 _aMODELLI DI VITA
942 _cBK
957 _71
999 _a32728
_bNO
_g Copie: 1
_c286935
_d286935